| 000 | 00357nam a2200145Ia 4500 | ||
|---|---|---|---|
| 005 | 20240807062214.0 | ||
| 008 | 240806s9999||||xx |||||||||||||| ||eng|| | ||
| 041 | _aeng | ||
| 100 | _aRoy Anamika | ||
| 245 | 0 |
_aBrahmi inscriptions of nothern india / _cRoy Anamika |
|
| 260 | _bRupa Pub. New Delhi | ||
| 300 | _a381 | ||
| 650 | _aAnc. History | ||
| 942 | _cBK | ||
| 999 |
_c11695 _d11695 |
||